Ramage's challenge : (Record no. 20434)
[ view plain ]
| 000 -LEADER | |
|---|---|
| fixed length control field | 00550nam a22002171 4500 |
| 001 - CONTROL NUMBER | |
| control field | 20434 |
| 003 - CONTROL NUMBER IDENTIFIER | |
| rucl marc code | UkOxU |
| 005 - DATE AND TIME OF LATEST TRANSACTION | |
| control field | 20211209000550.0 |
| 008 - FIXED-LENGTH DATA ELEMENTS--GENERAL INFORMATION | |
| fixed length control field | 140203s1985 enk 000 1 eng d |
| 020 ## - INTERNATIONAL STANDARD BOOK NUMBER | |
| International Standard Book Number | 0436377462 |
| 035 ## - SYSTEM CONTROL NUMBER | |
| System control number | (BD-RjUL)20496 |
| 040 ## - CATALOGING SOURCE | |
| Original cataloging agency | BD-RjUL |
| Language of cataloging | eng |
| Transcribing agency | BD-RjUL |
| 041 ## - LANGUAGE CODE | |
| Language code of text/sound track or separate title | eng |
| 082 04 - DEWEY DECIMAL CLASSIFICATION NUMBER | |
| Classification number | 823 |
| Author mark and year | POR 1985 |
| 100 1# - MAIN ENTRY--PERSONAL NAME | |
| Personal name | Pope, Dudley. |
| 9 (RLIN) | 57382 |
| 245 10 - TITLE STATEMENT | |
| Title | Ramage's challenge : |
| Remainder of title | a novel / |
| Statement of responsibility, etc. | by Dudley Pope |
| 260 ## - PUBLICATION, DISTRIBUTION, ETC. (IMPRINT) | |
| Place of publication, distribution, etc. | London : |
| Name of publisher, distributor, etc. | Alison, |
| Date of publication, distribution, etc. | 1985 |
| 300 ## - PHYSICAL DESCRIPTION | |
| Pagination | ix, 224 p ; |
| Size | 23 cm |
| 650 #7 - SUBJECT ADDED ENTRY--TOPICAL TERM | |
| Topical term or geographic name as entry element | a novel |
| 9 (RLIN) | 57265 |
| 942 ## - ADDED ENTRY ELEMENTS (KOHA) | |
| Source of classification or shelving scheme | Dewey Decimal Classification |
| Koha item type | Books |
| Lost status | Source of classification or shelving scheme | Damaged status | Not for loan | Collection code | Permanent Location | Current Location | Shelving location | Date acquired | Source of acquisition | Total Checkouts | Full call number | Date last seen | Copy number | Koha item type | Cost, normal purchase price |
|---|---|---|---|---|---|---|---|---|---|---|---|---|---|---|---|
| Dewey Decimal Classification | Fiction | Central Library, University of Rajshahi | Central Library, University of Rajshahi | 17/05/1995 | Gift | 823 POR 1985 | 01/03/2014 | C-2 | Books | ||||||
| Dewey Decimal Classification | Added to bundle | Fiction | Central Library, University of Rajshahi | Central Library, University of Rajshahi | Reading Room | 17/05/1995 | GIFT | 823 POR 1985 | 04/03/2014 | C-1 | Books | 0.00 |